000 00719ntm a22002657a 4500
005 20260316164148.0
008 190523b2018 xxu||||| |||| 00| 0 spa d
020 _a9788417619411
041 _aESP
082 _a001.42 G492t2
100 _aGiner Alegría, César Augusto
245 _aTécnicas de investigación cualitativas y cuantitativas en criminología
250 _a2 edición
260 _aEspaña
260 _bDM
260 _c2018
300 _a210 páginas
490 _aTemática General
650 _aMÉTODOS DE INVESTIGACIÓN
650 _aINVESTIGACIÓN CIENTÍFICA
650 _aTÉCNICAS DE INVESTIGACIÓN
650 _aCRIMINOLOGÍA
650 _aHIPÓTESIS
942 _cBK
_2ddc
999 _c11921
_d11921